000 00963nas a2200313 4500
001 BR2019000110
003 BR-BrBNA
005 20231205131535.0
007 ta
008 230509b bl.|||p| |||| 00| 00por d
040 _aBR-BrBNA
_bpor
_cBiblioteca Nacional de Agricultura
041 _a(En)
072 _aF30
100 1 _aCoelho, C. de J.
100 1 _aBombardelli, R.G.H.
100 1 _aSchutze, G.S.
100 1 _aCaires, E.F.
100 1 _aMatiello, R.R.
245 1 _aGenetic control of aluminum tolerance in tropical maize germplasm
650 _aMILHO
650 _aSELEÇÃO
650 _aGENÓTIPO
650 _aHEREDITARIEDADE
650 _aMELHORAMENTO GENÉTICO VEGETAL
773 0 _tBragantia (Brazil)
_xISSN 1678-4499
_g(Jan-Mar 2019), v. 78(1) p. 71-81
_wBR2019000110
856 4 0 _uhttp://www.scielo.br/pdf/brag/v78n1/0006-8705-brag-1678-44992017396.pdf
909 _a202311
_bLúcia
_c55
_dLúcia Elande
942 _2AGRIS
_n0
_cANA
999 _c255354
_d255354